Application of HEC-RAS 2D for Reconstruction and Modeling of the Tori Dike Breach Flood Inundation in Northern Sindh during 2010 Flood in Pakistan / (Record no. 534781)

000 -LEADER
fixed length control field 00588nam a22001577a 4500
020 ## - INTERNATIONAL STANDARD BOOK NUMBER
Qualifying information Hard Cover.
082 ## - DEWEY DECIMAL CLASSIFICATION NUMBER
Classification number 621.3678
100 ## - MAIN ENTRY--PERSONAL NAME
Personal name Naeem, Babar
245 ## - TITLE STATEMENT
Title Application of HEC-RAS 2D for Reconstruction and Modeling of the Tori Dike Breach Flood Inundation in Northern Sindh during 2010 Flood in Pakistan /
Statement of responsibility, etc. Babar Naeem.
260 ## - PUBLICATION, DISTRIBUTION, ETC.
Place of publication, distribution, etc. Islamabad:
Name of publisher, distributor, etc. SCEE - NUST,
Date of publication, distribution, etc. 2016.
300 ## - PHYSICAL DESCRIPTION
Extent 95 p.:
Other physical details ill. ;
Dimensions 30cm.
650 ## - SUBJECT ADDED ENTRY--TOPICAL TERM
Topical term or geographic name entry element Remote Sencing and GIS MS-Thesis.
700 ## - ADDED ENTRY--PERSONAL NAME
Personal name Dr. Muhammad Azmat
942 ## - ADDED ENTRY ELEMENTS (KOHA)
Source of classification or shelving scheme
Koha item type Thesis
650 ## - SUBJECT ADDED ENTRY--TOPICAL TERM
-- 29139
700 ## - ADDED ENTRY--PERSONAL NAME
-- 29140
Holdings
Withdrawn status Lost status Source of classification or shelving scheme Damaged status Not for loan Permanent Location Current Location Shelving location Date acquired Total Checkouts Full call number Barcode Date last seen Price effective from Koha item type
          Central Library (CL) Central Library (CL) Thesis 06/09/2020   621.3678 CL-T-5675 06/09/2020 06/09/2020 Thesis
© 2023 Central Library, National University of Sciences and Technology. All Rights Reserved.